000 00975nam a22002417a 4500
005 20170123164158.0
010 _aA-777996
020 _c100.00
035 _aA-777996
040 _aDPL
_bPN
082 _a
_bਭੁੱਲਰ
100 _aਭੁੱਲਰ, ਜਸਬੀਰ
_9138084
245 _aਸਮੁੰਦਰ ਵੱਲ ਦੀ ਖਿੜਕੀ :
_cਜਸਬੀਰ ਭੁੱਲਰ
_bਕਹਾਣੀਆਂ /
246 _aSamunfar wal di khidki : short stories /
_b by Jasbir Bhullar
260 _aਜਲੰਧਰ
_bਅੰਗਦ ਪਬਲਿਸ਼ਰਜ਼
_c1995
270 _a567/9, ਸੇੰਟਰਲ ਟਾਉਨ
_bਜਲੰਧਰ
_e144001
300 _a103p.
_c19cm(Hb)
650 _aਪੰਜਾਬੀ ਸਾਹਿਤ- ਲਘੂ ਕਹਾਣੀਆਂ
_98034
650 _aਪੰਜਾਬੀ ਸਾਹਿਤ
_9138085
650 _aPunjabi Literature- Short stories
_98035
650 _aPunjabi Literature
_9138086
942 _2ddc
_cPN
_h
_mਭੁੱਲਰ
999 _c110843
_d110843